| 000 | 01076cam a2200325 i 4500 | ||
|---|---|---|---|
| 001 | 18271451 | ||
| 003 | SISC | ||
| 005 | 20170124161355.0 | ||
| 008 | 140818s2014 enk 001 0 eng | ||
| 010 | _a 2014031002 | ||
| 020 | _a9781292012667 (print) | ||
| 020 | _z9781292012681 (PDF) | ||
| 020 | _z9781292012698 (ePub) | ||
| 020 | _z9781292012674 (eText) | ||
| 040 |
_aDLC _beng _cDLC _erda _dDLC |
||
| 042 | _apcc | ||
| 050 | 0 | 0 |
_aHD 53 _b.B36 2014 |
| 082 | 0 | 0 | _a650.1 |
| 100 | 1 | _aBannerman, James. | |
| 245 | 1 | 0 |
_aBusiness genius : _bdeceptively simple ways to sharpen your business thinking / _cJames Bannerman. |
| 260 |
_aEngland : _bPearson, _c2014. |
||
| 300 |
_axxxi, 191 pages : _c22 cm. _billustrations ; |
||
| 500 | _aIncludes index. | ||
| 650 | 0 | _aCreative ability in business. | |
| 650 | 0 | _aCreative thinking. | |
| 650 | 0 | _aManagement. | |
| 906 |
_a7 _bcbc _corignew _d1 _eecip _f20 _gy-gencatlg |
||
| 942 |
_2lcc _cBK _kFOR |
||
| 999 |
_c288934 _d288934 |
||